[Event "Women's Speed Chess Q5"]
[Site "chess.com INT"]
[Date "2021.06.04"]
[Round "4"]
[White "Berend, Elvira"]
[Black "Pavlidou, Ekaterini"]
[Result "0-1"]
[WhiteTitle "WGM"]
[BlackTitle "WIM"]
[WhiteElo "2326"]
[BlackElo "2157"]
[WhiteFideId "4000510"]
[BlackFideId "4213262"]
[EventDate "2021.06.04"]

1. e4 c5 2. Nf3 Nc6 3. g3 g6 4. Bg2 Bg7 5. O-O d6 6. c3 e5 7. d4 exd4 8. cxd4
Bg4 9. d5 Nd4 10. Nc3 Ne7 11. Qd3 Bxf3 12. Bxf3 O-O 13. Bg2 f5 14. Ne2 fxe4 15.
Bxe4 Nef5 16. Nxd4 Nxd4 17. Be3 Nf3+ 18. Kg2 Bxb2 19. Rab1 Ne5 20. Qe2 Bd4 21.
Rxb7 Rb8 22. Rfb1 Rxb7 23. Rxb7 Bxe3 24. Qxe3 Ng4 25. Qc3 Rxf2+ 26. Kg1 Qf8 27.
Bg2 Rf1+ 0-1

[Event "Women's Speed Chess Q5"]
[Site "chess.com INT"]
[Date "2021.06.04"]
[Round "4"]
[White "Zakirova, Aisha"]
[Black "Arakhamia-Grant, Ketevan"]
[Result "1-0"]
[WhiteTitle "WCM"]
[BlackTitle "GM"]
[WhiteElo "1585"]
[BlackElo "2380"]
[WhiteFideId "13719734"]
[BlackFideId "13600168"]
[EventDate "2021.06.04"]

1. d4 Nf6 2. c4 g6 3. Nc3 Bg7 4. e4 d6 5. Nge2 O-O 6. Ng3 e5 7. d5 c6 8. Be2 a5
9. h4 h5 10. Bg5 Na6 11. Bxh5 gxh5 12. Nxh5 Nc7 13. Qf3 Nce8 14. Nxf6+ Bxf6 15.
Qh5 a4 16. a3 Bd7 17. O-O-O Ra5 18. Rd3 cxd5 19. Rg3 Ng7 20. Qh6 1-0

[Event "Women's Speed Chess Q5"]
[Site "chess.com INT"]
[Date "2021.06.04"]
[Round "4"]
[White "Zhuravleva, Olga"]
[Black "Purtseladze, Maka"]
[Result "1-0"]
[WhiteTitle "WIM"]
[BlackTitle "IM"]
[WhiteElo "2278"]
[BlackElo "2274"]
[WhiteFideId "4145933"]
[BlackFideId "13602659"]
[EventDate "2021.06.04"]

1. e4 c6 2. Nf3 d5 3. Nc3 dxe4 4. Nxe4 Nf6 5. Ng3 h5 6. h3 h4 7. Ne2 e6 8. d4
Be7 9. Nc3 Nd5 10. Ne4 Nd7 11. Bd3 N7f6 12. Neg5 Nb4 13. O-O Nxd3 14. Qxd3 c5
15. c3 cxd4 16. cxd4 Bd7 17. Ne5 O-O 18. Ng4 g6 19. Ne5 Kg7 20. Ngxf7 1-0

[Event "Women's Speed Chess Q5"]
[Site "chess.com INT"]
[Date "2021.06.04"]
[Round "4"]
[White "Gaponenko, Inna"]
[Black "Antova, Gabriela"]
[Result "1-0"]
[WhiteTitle "IM"]
[BlackTitle "FM"]
[WhiteElo "2357"]
[BlackElo "2250"]
[WhiteFideId "14101181"]
[BlackFideId "2915235"]
[EventDate "2021.06.04"]

1. e4 c5 2. c3 d5 3. exd5 Qxd5 4. d4 Nf6 5. Nf3 e6 6. Bd3 Be7 7. O-O cxd4 8.
cxd4 O-O 9. Nc3 Qd6 10. Nb5 Qd8 11. Bf4 Nd5 12. Bg3 Nd7 13. Rc1 N7f6 14. Nc7
Nxc7 15. Bxc7 Qe8 16. Ne5 Nd5 17. Qh5 g6 18. Qh6 Nxc7 19. Rxc7 Bf6 20. Nxg6 1-0

[Event "Women's Speed Chess Q5"]
[Site "chess.com INT"]
[Date "2021.06.04"]
[Round "4"]
[White "Zaichenko, Daria"]
[Black "Frayna, Janelle Mae"]
[Result "0-1"]
[WhiteTitle "WFM"]
[BlackTitle "WGM"]
[WhiteElo "2104"]
[BlackElo "2179"]
[WhiteFideId "4197453"]
[BlackFideId "5212499"]
[EventDate "2021.06.04"]

1. e4 Nf6 2. e5 Nd5 3. d4 d6 4. Nf3 g6 5. c4 Nb6 6. Nc3 Bg7 7. Bf4 O-O 8. exd6
cxd6 9. Be2 Nc6 10. O-O Bg4 11. d5 Bxf3 12. Bxf3 Na5 13. Rc1 Naxc4 14. b3 Ne5
15. Bxe5 Bxe5 16. Ne4 Qd7 17. Qd2 Rfc8 18. Qh6 Bg7 19. Qh4 Nxd5 20. Rcd1 Nf6 21.
Ng5 h6 22. Nh3 g5 23. Qb4 g4 24. Bxb7 Rcb8 25. Nf4 Rxb7 26. Qa5 Qb5 27. Qd2 Rc8
28. Rc1 Rbc7 29. a4 Qxb3 30. Rxc7 Rxc7 31. Qa5 Qc4 32. g3 e5 33. Ng2 h5 34. Ne3
Qc5 35. Qa6 Ne4 36. Nf5 Ng5 37. Kg2 Qd5+ 38. f3 gxf3+ 39. Kg1 Nh3+ 40. Kh1 f2# 0-1

[Event "Women's Speed Chess Q5"]
[Site "chess.com INT"]
[Date "2021.06.04"]
[Round "4"]
[White "Koridze, Lile"]
[Black "Sedina, Elena"]
[Result "0-1"]
[WhiteTitle "WFM"]
[BlackTitle "IM"]
[WhiteElo "2016"]
[BlackElo "2294"]
[WhiteFideId "13612514"]
[BlackFideId "812153"]
[EventDate "2021.06.04"]

1. d4 d5 2. c4 c6 3. cxd5 cxd5 4. Bf4 Nc6 5. Nc3 Nf6 6. e3 a6 7. Nf3 Bg4 8. Be2
e6 9. O-O Bd6 10. Ne5 Bxe2 11. Qxe2 Rc8 12. Rac1 O-O 13. Na4 Bxe5 14. dxe5 Nd7
15. Nc5 Ncxe5 16. b4 Nxc5 17. Bxe5 Nd7 18. Bd6 Re8 19. e4 Nf6 20. Rxc8 Qxc8 21.
exd5 exd5 22. Qd1 Qc4 23. Bc5 Qxa2 24. Re1 Rxe1+ 25. Qxe1 Ne4 26. f3 Qd2 27. Qa1
Nxc5 28. bxc5 Qe3+ 29. Kf1 Qxc5 30. Qe5 h6 31. Qb8+ Kh7 32. Qxb7 Qb5+ 0-1

[Event "Women's Speed Chess Q5"]
[Site "chess.com INT"]
[Date "2021.06.04"]
[Round "4"]
[White "Soumya, Swaminathan"]
[Black "Nanditha, V"]
[Result "1-0"]
[WhiteTitle "IM"]
[BlackTitle "WCM"]
[WhiteElo "2351"]
[BlackElo "1666"]
[WhiteFideId "5016193"]
[BlackFideId "46626697"]
[EventDate "2021.06.04"]

1. d4 d5 2. c4 e6 3. Nf3 Nf6 4. g3 Be7 5. Bg2 O-O 6. O-O dxc4 7. Qc2 a6 8. a4 c6
9. a5 Bb4 10. Bd2 Bxd2 11. Nbxd2 c5 12. dxc5 Qd5 13. Qxc4 Bd7 14. Nd4 Qxc4 15.
Nxc4 Bc6 16. Nd6 e5 17. N4f5 Nbd7 18. Ne7+ Kh8 19. Nxc6 bxc6 20. Bxc6 Rab8 21.
Rac1 Nxc5 22. Rxc5 Rxb2 23. Rxe5 1-0

[Event "Women's Speed Chess Q5"]
[Site "chess.com INT"]
[Date "2021.06.04"]
[Round "4"]
[White "Franco Valencia, Angela"]
[Black "Ramirez, Maria Eugenia"]
[Result "0-1"]
[WhiteTitle "WIM"]
[BlackTitle "WFM"]
[WhiteElo "2089"]
[BlackElo "2057"]
[WhiteFideId "4403070"]
[BlackFideId "3301680"]
[EventDate "2021.06.04"]

1. e4 e5 2. Nf3 Nc6 3. Bc4 Nf6 4. d3 d5 5. exd5 Nxd5 6. O-O Be7 7. h3 Be6 8. Re1
Qd6 9. Nbd2 O-O-O 10. Ne4 Qd7 11. Neg5 Bxg5 12. Nxg5 Rhe8 13. Nxe6 Rxe6 14. a3
Rg6 15. Qh5 h6 16. Bd2 Nd4 17. Rxe5 Nf6 18. Qxg6 fxg6 19. c3 Nc6 20. Be6 Nxe5
21. Bxd7+ Rxd7 22. d4 Nc4 23. Bc1 b6 24. b3 Nd6 25. f3 Re7 26. Kf2 Nd5 27. Bd2
g5 28. g3 a5 29. c4 Nf6 30. a4 Nf5 31. d5 Nd4 32. Rb1 Re2+ 0-1

[Event "Women's Speed Chess Q5"]
[Site "chess.com INT"]
[Date "2021.06.04"]
[Round "4"]
[White "Agrest, Inna"]
[Black "Starosta, Martyna"]
[Result "1-0"]
[WhiteTitle "WIM"]
[BlackTitle "WCM"]
[WhiteElo "2285"]
[BlackElo "1910"]
[WhiteFideId "1708830"]
[BlackFideId "21818754"]
[EventDate "2021.06.04"]

1. e4 c5 2. Nf3 d6 3. d4 cxd4 4. Nxd4 Nf6 5. Nc3 a6 6. Bg5 e6 7. f4 Be7 8. Qf3
Nbd7 9. O-O-O Qc7 10. Bd3 h6 11. Bh4 g5 12. fxg5 Ne5 13. Qe2 Nfg4 14. Nf3 hxg5
15. Bg3 Bd7 16. Rhf1 Bc6 17. Kb1 O-O-O 18. Nxe5 Nxe5 19. h3 f6 20. Qe3 Kb8 21.
Bf2 Rd7 22. Be2 Qa5 23. a3 Rg8 24. Qa7+ Kc7 25. b4 Qxa3 26. Bb6+ Kc8 27. Qa8# 1-0

[Event "Women's Speed Chess Q5"]
[Site "chess.com INT"]
[Date "2021.06.04"]
[Round "4"]
[White "Smietanska, Wiktoria"]
[Black "Priyanka, K"]
[Result "1/2-1/2"]
[WhiteTitle "CM"]
[BlackTitle "WIM"]
[WhiteElo "1802"]
[BlackElo "2218"]
[WhiteFideId "21869359"]
[BlackFideId "5082986"]
[EventDate "2021.06.04"]

1. c4 Nf6 2. Nc3 g6 3. g3 Bg7 4. Bg2 O-O 5. e4 d6 6. Nge2 Nc6 7. O-O e5 8. d3
Nd7 9. f4 f5 10. exf5 Rxf5 11. Nd5 exf4 12. Nexf4 Nc5 13. Bh3 Rf8 14. Bxc8 Qxc8
15. Be3 g5 16. Nh5 Bxb2 17. Rb1 Bh8 18. d4 Ne4 19. Qd3 Qg4 20. Rxb7 Rxf1+ 21.
Kxf1 Rf8+ 22. Kg1 Qxh5 23. Rxc7 Qf3 24. Rxc6 Nxg3 25. Ne7+ Kg7 26. hxg3 Qxg3+
27. Kh1 Qh3+ 28. Kg1 Qg3+ 29. Kh1 Qh3+ 30. Kg1 Qg3+ 1/2-1/2

[Event "Women's Speed Chess Q5"]
[Site "chess.com INT"]
[Date "2021.06.04"]
[Round "4"]
[White "Pandey, Srishti"]
[Black "Dzagnidze, Nana"]
[Result "0-1"]
[WhiteTitle "WFM"]
[BlackTitle "GM"]
[WhiteElo "2026"]
[BlackElo "2524"]
[WhiteFideId "35093290"]
[BlackFideId "13601903"]
[EventDate "2021.06.04"]

1. d4 Nf6 2. c4 e6 3. Nf3 d5 4. g3 dxc4 5. Bg2 Nc6 6. O-O Rb8 7. e3 b5 8. Qe2
Be7 9. Nfd2 Bb7 10. b3 Nxd4 11. exd4 Bxg2 12. Kxg2 Qxd4 13. Nc3 Qxc3 14. Rb1
cxb3 15. Nxb3 O-O 16. Be3 Qe5 17. Rfc1 Nd5 18. Na5 Nxe3+ 19. Qxe3 Qxe3 20. fxe3
Bd6 21. Nc6 Rb7 22. a4 a6 23. Nd4 Rfb8 24. Rc6 bxa4 25. Rxb7 Rxb7 26. Rxa6 a3
27. Kf3 g6 28. Ra5 Rb2 29. Nb5 a2 30. Nc3 Rxh2 31. Nxa2 Rh3 32. Nc3 Rxg3+ 33.
Kf2 Rg4 34. Kf3 Rc4 35. Ne4 Kg7 36. Ra2 h6 37. Rd2 g5 38. Nxd6 cxd6 39. Rxd6 h5 0-1

[Event "Women's Speed Chess Q5"]
[Site "chess.com INT"]
[Date "2021.06.04"]
[Round "4"]
[White "Kotepalli, Sai Nirupama"]
[Black "Szente Varga, Fruzsina"]
[Result "1-0"]
[WhiteTitle "WFM"]
[BlackTitle "WFM"]
[WhiteElo "1914"]
[BlackElo "2100"]
[WhiteFideId "5039444"]
[BlackFideId "712264"]
[EventDate "2021.06.04"]

1. e4 e5 2. d3 Nf6 3. Nf3 Nc6 4. g3 Be7 5. Bg2 O-O 6. O-O d5 7. exd5 Nxd5 8. h3
Bf5 9. Nbd2 Qd7 10. Kh2 Bg6 11. Nc4 Bf6 12. Ne3 Nce7 13. Ng4 Qe6 14. Re1 Nc6 15.
d4 e4 16. c4 Qd6 17. Nfe5 Nde7 18. Nxc6 Nxc6 19. d5 Na5 20. Qa4 b6 21. Bxe4 Rfe8
22. Bf4 Qc5 23. Bxg6 hxg6 24. Rxe8+ Rxe8 25. Qxe8+ Kh7 26. Nxf6+ gxf6 27. Qxf7+
Kh8 28. Qxf6+ Kh7 29. Qf7+ Kh8 30. Be5# 1-0

[Event "Women's Speed Chess Q5"]
[Site "chess.com INT"]
[Date "2021.06.04"]
[Round "4"]
[White "Sukandar, Irine Kharisma"]
[Black "Doluhanova, Evgeniya"]
[Result "0-1"]
[WhiteTitle "IM"]
[BlackTitle "WGM"]
[WhiteElo "2413"]
[BlackElo "2192"]
[WhiteFideId "7101937"]
[BlackFideId "14112035"]
[EventDate "2021.06.04"]

1. d4 Nf6 2. Nf3 b6 3. Bf4 Bb7 4. e3 g6 5. h3 Bg7 6. Be2 O-O 7. O-O d6 8. c4
Nbd7 9. Bh2 Re8 10. Nc3 Ne4 11. Nxe4 Bxe4 12. Nd2 Bb7 13. a4 c5 14. Bf3 Qc7 15.
Bxb7 Qxb7 16. Nf3 Rac8 17. Qe2 Qa6 18. d5 Qa5 19. Rfd1 Qb4 20. Rd2 a6 21. Ne1 b5
22. cxb5 axb5 23. Nd3 Qa5 24. Qd1 c4 25. Ne1 c3 26. axb5 Qxa1 0-1

[Event "Women's Speed Chess Q5"]
[Site "chess.com INT"]
[Date "2021.06.04"]
[Round "4"]
[White "Klinova, Masha"]
[Black "Von Herman, Brigitte"]
[Result "1-0"]
[WhiteTitle "IM"]
[BlackTitle "WFM"]
[WhiteElo "2275"]
[BlackElo "1991"]
[WhiteFideId "2802015"]
[BlackFideId "4628730"]
[EventDate "2021.06.04"]

1. e4 e5 2. Nf3 Nc6 3. Bb5 a6 4. Ba4 Nf6 5. d3 b5 6. Bb3 Be7 7. O-O d6 8. Nc3
O-O 9. a4 b4 10. Ne2 Na5 11. Ba2 Rb8 12. Ng3 c5 13. Bg5 h6 14. Bxf6 Bxf6 15. Bd5
Be6 16. Bxe6 fxe6 17. b3 Nc6 18. h3 Ne7 19. Nh2 Ng6 20. Nh5 Bg5 21. g3 Qe7 22.
Qg4 Kh7 23. Kh1 Rf7 24. f4 exf4 25. gxf4 Bf6 26. Rg1 Nxf4 27. Nxf4 Bxa1 28. Rxa1
e5 29. Qg6+ Kg8 30. Nd5 Qg5 31. Qxg5 hxg5 32. Ng4 Rbf8 33. Kg2 Rf3 34. Nde3 R3f7
35. a5 g6 36. Nh6+ Kg7 37. Nxf7 Rxf7 38. Nc4 1-0

[Event "Women's Speed Chess Q5"]
[Site "chess.com INT"]
[Date "2021.06.04"]
[Round "4"]
[White "Dordzhieva, Dinara"]
[Black "Tarasova, Viktoriya"]
[Result "1-0"]
[WhiteTitle "WGM"]
[BlackTitle "WIM"]
[WhiteElo "2311"]
[BlackElo "2226"]
[WhiteFideId "24157570"]
[BlackFideId "4175840"]
[EventDate "2021.06.04"]

1. Nf3 Nf6 2. c4 e6 3. d4 b6 4. g3 Ba6 5. b3 d5 6. Bg2 c5 7. Nc3 Nc6 8. cxd5
Nxd5 9. Nxd5 exd5 10. O-O Be7 11. Bb2 O-O 12. Re1 Rc8 13. Rc1 c4 14. Ne5 Na5 15.
e4 dxe4 16. Bxe4 cxb3 17. axb3 Rxc1 18. Qxc1 Bb4 19. Nc6 Nxc6 20. Bxc6 Bxe1 21.
Qxe1 Qf6 22. Bg2 h6 23. h4 Rc8 24. Qd2 Qf5 25. d5 Qd3 26. Qe1 Bb5 27. Qe5 Qg6
28. d6 Re8 29. Qxb5 Qb1+ 30. Kh2 Re1 31. d7 1-0

[Event "Women's Speed Chess Q5"]
[Site "chess.com INT"]
[Date "2021.06.04"]
[Round "4"]
[White "Arpita, Mukherjee"]
[Black "Buksa, Nataliya"]
[Result "0-1"]
[WhiteTitle "WIM"]
[BlackTitle "IM"]
[WhiteElo "2206"]
[BlackElo "2413"]
[WhiteFideId "5056403"]
[BlackFideId "14123622"]
[EventDate "2021.06.04"]

1. e4 c5 2. Nf3 Nc6 3. Bb5 g6 4. Bxc6 dxc6 5. d3 Bg7 6. Nc3 Nf6 7. Be3 Nd7 8.
Qd2 e5 9. Bh6 Bf6 10. O-O-O Nf8 11. h4 Ne6 12. h5 g5 13. g3 Rg8 14. Kb1 b6 15.
Nh2 Bh8 16. f4 exf4 17. gxf4 Qf6 18. Bxg5 Nxg5 19. fxg5 Qxg5 20. Qe1 Be6 21. Nf3
Qf4 22. Rf1 Qh6 23. e5 O-O-O 24. Ne4 Qxh5 25. Nd6+ Kb8 26. d4 Bd5 27. Qe2 cxd4
28. Qa6 Rd7 29. Nxd4 Qxe5 30. Rg1 Rgd8 31. N6f5 c5 32. Rge1 Qf6 33. Ne7 cxd4 34.
Nxd5 Rxd5 0-1

[Event "Women's Speed Chess Q5"]
[Site "chess.com INT"]
[Date "2021.06.04"]
[Round "4"]
[White "Belenkaya, Dina"]
[Black "Cori T., Deysi"]
[Result "0-1"]
[WhiteTitle "WGM"]
[BlackTitle "WGM"]
[WhiteElo "2341"]
[BlackElo "2388"]
[WhiteFideId "24142654"]
[BlackFideId "3801934"]
[EventDate "2021.06.04"]

1. e4 c5 2. Nc3 Nc6 3. g3 g6 4. Bg2 Bg7 5. d3 e6 6. Be3 b6 7. Qd2 Bb7 8. Nge2 h5
9. d4 cxd4 10. Nxd4 a6 11. Nxc6 Bxc6 12. Qd6 Qb8 13. Qd2 Ne7 14. O-O h4 15. Bf4
Be5 16. Rad1 Bxf4 17. gxf4 h3 18. Bf3 g5 19. Qd4 Rg8 20. f5 Qf4 21. Qe3 Nxf5 22.
Qxf4 gxf4+ 23. Kh1 Nh4 24. Bh5 Rg5 25. Rg1 Rxh5 26. Rg8+ Ke7 27. Rg4 Ng6 28. f3
b5 29. Rgg1 Rc5 30. Rd2 Ne5 31. Rf1 Rg8 32. Ne2 Nxf3 33. Rxf3 Bxe4 0-1

[Event "Women's Speed Chess Q5"]
[Site "chess.com INT"]
[Date "2021.06.04"]
[Round "4"]
[White "February, Jesse Nikki"]
[Black "Nguyen, Thi Thanh An"]
[Result "0-1"]
[WhiteTitle "WIM"]
[BlackTitle "WGM"]
[WhiteElo "1863"]
[BlackElo "2259"]
[WhiteFideId "14312336"]
[BlackFideId "12400300"]
[EventDate "2021.06.04"]

1. e4 c5 2. Nf3 d6 3. d4 cxd4 4. Nxd4 Nf6 5. Nc3 a6 6. a4 g6 7. Be2 Bg7 8. Be3
O-O 9. Qd2 Nc6 10. f3 Nxd4 11. Bxd4 Be6 12. g4 Rc8 13. h4 Qa5 14. h5 Rfd8 15.
hxg6 fxg6 16. Kf2 Bf7 17. Qe3 Rc6 18. Rh3 e5 19. Ba7 Rdc8 20. Rah1 Qb4 21. Nd5
Bxd5 22. exd5 Nxd5 23. Qg5 b6 24. Rxh7 Qd4+ 25. Ke1 Nf4 26. Rxg7+ Kxg7 27. Qe7+
Kg8 28. Qh7+ Kf8 29. Qh8+ Ke7 30. Rh7+ Ke6 31. Qg7 Qg1+ 32. Bf1 Ng2+ 33. Ke2
Qe3+ 34. Kd1 Qe1# 0-1

[Event "Women's Speed Chess Q5"]
[Site "chess.com INT"]
[Date "2021.06.04"]
[Round "4"]
[White "Vu, Bui Thi Thanh Van"]
[Black "Li, Xueyi"]
[Result "0-1"]
[WhiteTitle "WFM"]
[BlackTitle "WGM"]
[WhiteElo "1750"]
[BlackElo "2303"]
[WhiteFideId "12408921"]
[BlackFideId "8605912"]
[EventDate "2021.06.04"]

1. d4 Nf6 2. Nf3 b6 3. Nbd2 Bb7 4. e3 g6 5. Bd3 Bg7 6. c3 d6 7. e4 Nbd7 8. O-O
O-O 9. Re1 c5 10. b3 Nh5 11. Nf1 cxd4 12. cxd4 e5 13. Bb2 Nf4 14. Bc4 exd4 15.
Bxd4 Ne5 16. Bxe5 dxe5 17. g3 Nh5 18. Qc2 Rc8 19. Rad1 Qf6 20. Qe2 Qe7 21. Bd5
Rfd8 22. Ne3 Nf6 23. Rd2 Nxe4 24. Bxb7 Qxb7 25. Rxd8+ Rxd8 26. Nc4 Nc3 27. Qe3
e4 28. Ng5 f5 29. Qf4 Qd7 30. Ne3 Qd2 31. Rf1 Ne2+ 32. Kg2 Nxf4+ 33. gxf4 Qxa2
34. Ne6 Rd2 35. Nxg7 Kxg7 36. Kg3 Qxb3 37. Rc1 Rd7 0-1

[Event "Women's Speed Chess Q5"]
[Site "chess.com INT"]
[Date "2021.06.04"]
[Round "4"]
[White "Eswaran, Aksithi"]
[Black "Komiagina, Maria"]
[Result "0-1"]
[WhiteTitle "WCM"]
[BlackTitle "WIM"]
[WhiteElo "1745"]
[BlackElo "2241"]
[WhiteFideId "2083485"]
[BlackFideId "4153987"]
[EventDate "2021.06.04"]

1. e4 c5 2. Nf3 Nc6 3. d4 cxd4 4. Nxd4 Nf6 5. Nc3 d6 6. Be2 e5 7. Nb3 Be7 8. Bg5
Be6 9. O-O a6 10. a4 O-O 11. Bxf6 Bxf6 12. Nd5 Rc8 13. Bg4 Bg5 14. Qe2 Ne7 15.
Rad1 Nxd5 16. exd5 Bxg4 17. Qxg4 Rxc2 18. Rd3 f5 19. Qb4 Qd7 20. Na5 Rb8 21. Nc6
Rc8 22. Na5 R8c7 23. h4 Bf6 24. Rg3 e4 25. h5 Rxb2 26. Qa3 Rbc2 27. h6 g6 28.
Rb1 R2c3 29. Qb4 Rc1+ 30. Rxc1 Rxc1+ 31. Kh2 Be5 32. Nxb7 f4 33. Rg5 Bf6 34.
Nxd6 Bxg5 35. Qb8+ Bd8 36. Nb7 Rc8 37. Qe5 Qe7 38. Qxf4 Qxb7 39. Qxe4 Qc7+ 40.
Kh1 Qe7 0-1

[Event "Women's Speed Chess Q5"]
[Site "chess.com INT"]
[Date "2021.06.04"]
[Round "4"]
[White "Farhat Willemstein, Stela Souza"]
[Black "Sliwicka, Alicja"]
[Result "0-1"]
[WhiteTitle "WFM"]
[BlackTitle "WIM"]
[WhiteElo "1758"]
[BlackElo "2308"]
[WhiteFideId "2109808"]
[BlackFideId "1150677"]
[EventDate "2021.06.04"]

1. d4 Nf6 2. Nf3 c5 3. d5 e6 4. c4 b5 5. dxe6 fxe6 6. cxb5 d5 7. g3 a6 8. bxa6
Nxa6 9. Bg2 Bd6 10. Nc3 Bb7 11. O-O O-O 12. e4 d4 13. e5 Bxe5 14. Nxe5 Bxg2 15.
Kxg2 dxc3 16. Qxd8 Raxd8 17. bxc3 Ne4 18. Be3 Nxc3 19. Rfc1 Na4 20. Rc4 Nb6 21.
Rc2 Rd5 22. Nc6 Kf7 23. Rac1 Rc8 24. Na5 Nd7 25. Nc4 Nb4 26. Rd2 Rxd2 27. Nxd2
Nxa2 28. Rc2 Nb4 29. Rc3 Nd5 30. Rc4 N7b6 31. Rc1 Nxe3+ 32. fxe3 Ke7 33. Ne4 c4
34. Kf3 e5 35. Kg4 Ke6 36. Ng5+ Kd5 37. Nxh7 Rh8 38. Ng5 Rxh2 39. e4+ Kc5 40.
Ne6+ Kb4 41. Nxg7 c3 42. Nf5 Nc4 43. Rb1+ Rb2 44. Rc1 c2 45. Nh4 Kc3 46. Nf3 Rb1
47. Rxc2+ Kxc2 48. Kf5 Rf1 49. g4 Rxf3+ 50. Kg5 Nd6 51. Kh5 Nxe4 52. g5 Nxg5 53.
Kxg5 e4 54. Kg4 Rf8 55. Kg3 e3 56. Kg2 e2 57. Kg3 e1=Q+ 58. Kg4 Qg1+ 59. Kh5
Rh8# 0-1

[Event "Women's Speed Chess Q5"]
[Site "chess.com INT"]
[Date "2021.06.04"]
[Round "4"]
[White "Campos, Maria Jose"]
[Black "Atalik, Ekaterina"]
[Result "1/2-1/2"]
[WhiteTitle "WFM"]
[BlackTitle "IM"]
[WhiteElo "2133"]
[BlackElo "2430"]
[WhiteFideId "146803"]
[BlackFideId "4130189"]
[EventDate "2021.06.04"]

1. c4 e5 2. g3 Nf6 3. Bg2 c6 4. d4 exd4 5. Qxd4 Be7 6. Nf3 O-O 7. O-O d6 8. Nc3
c5 9. Qd3 Nc6 10. b3 Be6 11. Bb2 Qd7 12. Rfd1 Rad8 13. Rac1 Bh3 14. Bh1 Rfe8 15.
Nd5 Nxd5 16. Qxd5 Qg4 17. a3 a5 18. e3 h5 19. Bc3 h4 20. Bg2 Bxg2 21. Kxg2 h3+
22. Kg1 Bf6 23. Bxf6 gxf6 24. Nh4 Re5 25. Qf3 f5 26. Rc2 Ne7 27. Rcd2 d5 28.
cxd5 Rd6 29. Kf1 Kf8 30. a4 Ke8 31. Ke2 Kd7 32. Rc1 Qb4 33. Qf4 Rexd5 34. Rxd5
Qxf4 35. gxf4 Nxd5 36. Nxf5 Rb6 37. Rxc5 Ke6 38. Nd4+ Kd6 39. Rxa5 Rb4 40. Kd3
Rb6 41. Nb5+ Kc6 42. Ra8 Kd7 43. Rh8 Rg6 44. Rxh3 Rg2 45. Ke4 Nf6+ 46. Kf3 Rg1
47. Rh6 Ke7 48. Nd4 Rb1 49. Rh8 Nd5 50. Rb8 b6 51. Rb7+ Kf6 52. e4 Rd1 53. e5+
Kg6 54. f5+ Kg5 55. Ke4 Nc3+ 56. Ke3 Nd5+ 57. Ke4 Nc3+ 58. Ke3 Nd5+ 59. Ke4 1/2-1/2

[Event "Women's Speed Chess Q5"]
[Site "chess.com INT"]
[Date "2021.06.04"]
[Round "4"]
[White "Pourkashiyan, Atousa"]
[Black "Shuvalova, Polina"]
[Result "0-1"]
[WhiteTitle "WGM"]
[BlackTitle "IM"]
[WhiteElo "2322"]
[BlackElo "2489"]
[WhiteFideId "12502014"]
[BlackFideId "24171760"]
[EventDate "2021.06.04"]

1. e4 c6 2. d4 d5 3. Nd2 g6 4. h3 Bg7 5. Ngf3 dxe4 6. Nxe4 Bf5 7. Ng3 Be6 8. c3
Nf6 9. Bd3 O-O 10. O-O Nbd7 11. Bg5 c5 12. Re1 Bd5 13. c4 Bxf3 14. Qxf3 cxd4 15.
Qxb7 Nc5 16. Qf3 h6 17. Bf4 Nfd7 18. b4 Nxd3 19. Qxd3 e5 20. Bd2 f5 21. c5 Kh7
22. Rac1 e4 23. Qa6 Ne5 24. Rb1 Qd5 25. Ne2 Rf6 26. Qa3 Nc4 27. Qb3 Qf7 28. Red1
Rd8 29. b5 f4 30. Bxf4 d3 31. Bg3 e3 32. Rxd3 exf2+ 33. Bxf2 Rxd3 34. Qxd3 Rxf2
35. c6 Ne5 36. Qe4 Rf5 37. Rc1 Qc7 38. Kh1 Nf7 39. a4 Re5 40. Qf3 Ng5 41. Qf1
Ne4 42. a5 Rxb5 43. Kg1 Rf5 44. Qd1 Rxa5 45. Qd7 Qxd7 46. cxd7 Rd5 47. Rc7 Rd1+
48. Kh2 Be5+ 49. g3 Bxc7 0-1

[Event "Women's Speed Chess Q5"]
[Site "chess.com INT"]
[Date "2021.06.04"]
[Round "4"]
[White "Papp, Petra"]
[Black "Daulyte-Cornette, Deimante"]
[Result "1-0"]
[WhiteTitle "WGM"]
[BlackTitle "IM"]
[WhiteElo "2336"]
[BlackElo "2394"]
[WhiteFideId "739049"]
[BlackFideId "12802859"]
[EventDate "2021.06.04"]

1. d4 d6 2. e4 Nf6 3. Nc3 e5 4. Nf3 Nbd7 5. g4 Nxg4 6. Rg1 Ngf6 7. Be3 c6 8. Qd2
b5 9. O-O-O Qa5 10. a3 b4 11. axb4 Qxb4 12. dxe5 Rb8 13. b3 Nxe4 14. Nxe4 Qxe4
15. Ng5 Qxe5 16. Bd4 Qxh2 17. Bc4 d5 18. Rde1+ Be7 19. Be3 dxc4 20. Bf4 Qh5 21.
Rxe7+ Kxe7 22. Qd6+ Kd8 23. Qc7+ Ke7 24. Re1+ Kf6 25. Qd6+ Kf5 26. Bd2 f6 27.
Qe6+ Kg6 28. Qf7+ Kh6 29. Ne6+ g5 30. Qg7# 1-0

[Event "Women's Speed Chess Q5"]
[Site "chess.com INT"]
[Date "2021.06.04"]
[Round "4"]
[White "Bivol, Alina"]
[Black "Dauletova, Gulmira"]
[Result "1-0"]
[WhiteTitle "WGM"]
[BlackTitle "WGM"]
[WhiteElo "2374"]
[BlackElo "2257"]
[WhiteFideId "4100123"]
[BlackFideId "13702971"]
[EventDate "2021.06.04"]

1. e4 e5 2. d4 exd4 3. c3 dxc3 4. Bc4 cxb2 5. Bxb2 Bb4+ 6. Nc3 Nc6 7. Nf3 Nf6 8.
e5 Qe7 9. O-O Bxc3 10. exf6 Qxf6 11. Re1+ Ne7 12. Bxc3 Qxc3 13. Ne5 O-O 14. Nxf7
Qxc4 15. Ng5 Qh4 16. Qd2 h6 17. Nf3 Qf6 18. Rac1 c6 19. Qe3 Nf5 20. Qf4 d5 21.
Ne5 Be6 22. Ng4 Qg6 23. Ne5 Qg5 24. Qb4 Rae8 25. Qxb7 Nh4 26. g3 Ng6 27. Nxc6
Bh3 28. Rxe8 1-0